| 000 | 00604nam a22001817a 4500 | ||
|---|---|---|---|
| 005 | 20100925140537.0 | ||
| 008 | 100925t xxu||||| |||| 00| 0 eng d | ||
| 020 | _a0-439-42981-1 | ||
| 035 | _aB-164601 | ||
| 082 | _a001 | ||
| 100 |
_aPackard, Mary _921582 |
||
| 245 |
_aAwesome animals / _cby Mary Packard ; illustrated by Leanne Franson |
||
| 260 |
_aNew Delhi _bScholastic Inc. _c2004 |
||
| 300 |
_a86p. _b19cm. (pbk) _cillu. |
||
| 700 |
_aFranson, Leanne _921583 |
||
| 942 |
_2ddc _cCH _h001 _mPac |
||
| 999 |
_c47752 _d47752 |
||